[Event "1st Goa GM Open 2018"]
[Site "Taleigao"]
[Date "2018.10.13"]
[Round "1"]
[White "Kravtsiv, Martyn"]
[Black "Vaibhav Jayant Raut"]
[Result "1-0"]
[WhiteElo "2654"]
[BlackElo "1998"]
[Annotator "TA"]
[PlyCount "69"]
[EventDate "2018.10.13"]
[EventType "swiss"]
[EventCountry "IND"]
[SourceTitle "playchess.com"]
[Source "ChessBase"]
[SourceQuality "1"]

{[%evp 13,69,25,32,33,39,40,32,0,-4,0,10,21,47,49,35,45,64,60,72,65,61,38,121,100,102,108,112,65,113,91,101,75,157,157,157,157,154,161,164,163,234,242,240,231,283,278,421,427,447,447,596,596,574,583,1914,1901,29985,29986]} 1. d4 Nf6 2. Bf4 b6 3. Nf3 Bb7 4. c4 e6 5. e3 d6 6. Nc3 {E12: Damenindisch (Petrosjan-System und 4. oder 5.Lg5)} Nbd7 7. h3 g6 {LiveBook: 5 Partien} 8. Qc2 $146 {Weiß steht etwas besser.} ({Vorgänger:} 8. Be2 Bg7 9. O-O O-O 10. Bh2 Qe7 11. Qc2 e5 12. Rad1 c6 13. c5 bxc5 14. dxe5 dxe5 15. e4 Nh5 16. Na4 Nf4 17. Bc4 Rad8 18. Rfe1 Bc8 {1-0 (32) Rapport,R (2531)-Onischuk,A (2689) Caleta 2011}) 8... Qe7 9. Nb5 Qd8 10. O-O-O a6 11. Nc3 Qe7 12. e4 e5 13. dxe5 dxe5 14. Be3 $36 {[%mdl 2048] Weiss steht aktiver.} Bg7 15. Nd5 Nxd5 16. cxd5 Rc8 17. h4 {[%cal Bh3h4,Bh4h5][%mdl 32]} h6 (17... b5 $14) 18. Nd2 {[%cal Bf3d2,Bd2f1,Bf1g3][%mdl 32]} O-O 19. h5 g5 20. Be2 Nf6 {[%cal Bd7f6,Bf6e8,Be8d6][%mdl 32]} 21. Nf1 Ne8 22. Bg4 Rd8 ({Besser ist} 22... Nd6) 23. Ng3 $16 Nd6 24. Kb1 Bc8 25. Bxc8 Rxc8 26. Rc1 f5 (26... Qd7 $142 27. Qd3 a5) 27. Nxf5 $18 Nxf5 28. exf5 e4 29. g4 Qe5 (29... Rfd8 $142 30. Rhd1 Rd6) 30. Rhd1 Rfd8 31. Bd4 Qf4 32. Bxg7 Kxg7 33. Qc6 {[#] Und Dg6+ würde nun gewinnen.} Rd6 34. Qb7 $1 {[%csl LRa6,LRc7,LRc8]} Rdd8 35. d6 {Precision: Weiß = 72%, Schwarz = 31%.} 1-0

[Event "1st Goa GM Open 2018"]
[Site "Taleigao"]
[Date "2018.10.13"]
[Round "1"]
[White "Predke, Alexandr"]
[Black "Ilamparthi A R"]
[Result "1-0"]
[WhiteElo "2615"]
[BlackElo "1984"]
[Annotator "TA"]
[PlyCount "89"]
[EventDate "2018.10.13"]
[EventType "swiss"]
[EventCountry "IND"]
[SourceTitle "playchess.com"]
[Source "ChessBase"]
[SourceQuality "1"]

{[%evp 23,88,29,54,39,71,40,71,71,68,80,94,95,93,104,116,98,84,80,99,77,80,80,79,95,105,90,134,127,118,100,108,94,141,136,135,135,790,789,789,767,741,731,681,650,592,589,1789,1465,29990,29991,5297,1100,1039,1036,29990,29991,29991,29992,29992,29993,29993,29994,29995,29996,29998,29999,29999]} 1. e4 c5 2. Nf3 d6 3. d4 cxd4 4. Nxd4 Nf6 5. Nc3 g6 6. Be3 Bg7 7. f3 O-O 8. Qd2 Nc6 9. Bc4 Bd7 10. O-O-O Rb8 11. Bb3 Ne5 12. f4 {B78: Sicilian Dragon: Yugoslav Attack, 9 Bc4 Bd7 10 0-0-0 Rc8} Neg4 {LiveBook: 4 Games} 13. h3 Nxe3 14. Qxe3 {[#] White is better.} e5 $146 ({Predecessor:} 14... e6 15. Ndb5 d5 16. e5 Ne4 17. Nxe4 Bxb5 18. h4 h5 19. c3 Qb6 {1-0 (46) Nekhaev,A (2516)-Szczepanski,Z (2514) ICCF email 2015}) 15. fxe5 dxe5 {White must now prevent ...Qb6.} 16. Nf3 Qc7 17. Qxa7 Ra8 18. Qe3 b5 19. Kb1 b4 20. Nd5 Nxd5 21. Bxd5 Ra5 22. Rd2 Bc6 23. Rhd1 Bb5 24. Bb3 h6 25. Rd6 Kh7 26. h4 {[%cal Bh3h4,Bh4g5][%mdl 32]} Rfa8 27. Qb6 Qe7 28. R6d5 $36 {[%mdl 2048] White is really pushing.} R8a6 29. Qd8 ({Much worse is} 29. Rxb5 $6 Rxb6 30. Rxb6 Ra7 $11) 29... Qa7 $2 {[%mdl 8192] [#]} (29... Qxd8 $16 30. Rxd8 Bf6) 30. Ng5+ $1 $18 {[%mdl 512]} hxg5 31. hxg5 {White threatens Rh1+ and mate.} Be2 32. Rh1+ Bh5 33. Rxa5 Rxa5 34. g4 Qa8 35. Qd3 ({Less strong is} 35. Qxa8 Rxa8 36. Bxf7 (36. gxh5 Ra7 $18) 36... Rf8 $18) 35... f5 36. gxh5 Qxe4 37. Qxe4 (37. hxg6+ $142 Kxg6 38. Qd6+ Kxg5 39. Rg1+ Qg4 40. Rxg4+ fxg4 41. Qd8+ Kf5 42. Qxa5) 37... fxe4 {[%mdl 4096] Endgame KRB-KRB} 38. Bf7 {[%csl Gf7][%cal Rh5g6]} Bh8 39. hxg6+ {White mates.} Kg7 40. Rh7+ Kf8 41. Rxh8+ Ke7 42. g7 e3 43. g8=Q e2 44. Qd8+ Kxf7 45. Qf6# {Precision: White = 91%, Black = 45%.} 1-0

[Event "1st Goa GM Open 2018"]
[Site "Taleigao"]
[Date "2018.10.13"]
[Round "1"]
[White "Idani, Pouya"]
[Black "Sa, Kannan"]
[Result "1-0"]
[WhiteElo "2588"]
[BlackElo "1977"]
[Annotator "RC"]
[PlyCount "59"]
[EventDate "2018.10.13"]
[EventType "swiss"]
[EventCountry "IND"]
[SourceTitle "playchess.com"]
[Source "ChessBase"]
[SourceQuality "1"]
[TimeControl "5400+30"]

1. e4 {[%emt 0:00:00]} e5 {[%emt 0:00:00]} 2. Nf3 {[%emt 0:00:00]} Qe7 {[%emt 0:00:00]} 3. Nc3 {[%emt 0:01:02]} c6 {[%emt 0:00:05]} 4. Bc4 {[%emt 0:00:52]} d6 {[%emt 0:00:11]} 5. O-O {[%emt 0:00:35]} h6 {[%emt 0:00:48]} 6. d4 {[%emt 0:00:50]} Nf6 {[%emt 0:00:26]} 7. a4 {[%emt 0:00:43]} Bg4 {[%emt 0:04:34]} 8. Be3 {[%emt 0:07:48]} Nbd7 {[%emt 0:02:39]} 9. Re1 {[%emt 0:00:29]} g6 {[%emt 0:00:27]} 10. a5 {[%emt 0:01:11]} Bg7 {[%emt 0:01:19]} 11. d5 {[%emt 0:00:53]} c5 {[%emt 0:01:35]} 12. a6 {[%emt 0:00:07]} b6 {[%emt 0:00:33]} 13. Bb5 {[%emt 0:00:44]} O-O {[%emt 0:01:12]} 14. h3 {[%emt 0:00:41]} Bxf3 {[%emt 0:02:04]} 15. Qxf3 {[%emt 0:00:10]} Nb8 {[%emt 0:06:28]} 16. b4 {[%emt 0:04:05]} cxb4 {[%emt 0:02:31]} 17. Na2 {[%emt 0:00:06]} Nfd7 {[%emt 0:02:14]} 18. Nxb4 {[%emt 0:00:31]} Nc5 {[%emt 0:00:30]} 19. Bxc5 {[%emt 0:03:22]} dxc5 {[%emt 0:11:02]} 20. d6 {[%emt 0:00:16]} Qe6 {[%emt 0:00:25]} 21. Nd5 {[%emt 0:01:19]} Qxd6 {[%emt 0:01:52]} 22. Red1 {[%emt 0:00:30]} Kh7 {[%emt 0:06:34]} 23. Qa3 {[%emt 0:01:59]} Rc8 {[%emt 0:22:43]} 24. Qa4 {[%emt 0:01:37]} h5 {[%emt 0:16:12]} 25. c3 {[%emt 0:02:01]} Bf8 {[%emt 0:09:40]} 26. Rd3 {[%emt 0:02:26]} c4 {[%emt 0:02:26]} 27. Rf3 {[%emt 0:00:30]} f5 {[%emt 0:02:42]} 28. Rd1 {[%emt 0:00:18]} Rc5 {[%emt 0:00:55]} 29. Ne3 {[%emt 0:01:15]} Qc7 {[%emt 0:00:56]} 30. exf5 {[%emt 0:00:06]} 1-0

[Event "1st Goa GM Open 2018"]
[Site "Taleigao"]
[Date "2018.10.13"]
[Round "1"]
[White "Malakhatko, Vadim"]
[Black "Pimpalkhare Vedant"]
[Result "1-0"]
[WhiteElo "2552"]
[BlackElo "1968"]
[Annotator "TA"]
[PlyCount "101"]
[EventDate "2018.10.13"]
[EventType "swiss"]
[EventCountry "IND"]
[SourceTitle "playchess.com"]
[Source "ChessBase"]
[SourceQuality "1"]

{[%evp 19,101,0,0,0,0,0,10,0,-16,-10,-8,-71,0,0,0,0,0,0,0,0,22,4,0,-49,59,51,148,148,153,142,125,118,224,224,222,222,213,215,222,199,222,198,252,252,252,252,252,249,254,242,242,249,337,329,335,335,331,300,290,290,443,424,388,293,360,313,344,351,321,0,369,226,214,222,491,402,29974,29970,29976,29977,29977,29978,29978,29979]} 1. c4 e6 2. g3 Nf6 3. Bg2 d5 4. Nf3 Be7 5. O-O O-O 6. d4 dxc4 7. Ne5 Nc6 8. Nxc6 bxc6 9. Na3 Bxa3 10. bxa3 Ba6 11. Qd2 {E05: Open Catalan: 5 Nf3 Be7} Qc8 12. Qa5 Rb8 13. a4 {The position is equal.} Rd8 14. Ba3 (14. Rd1 c3 15. Qxc3 Bxe2 16. Re1 Qa6 17. Bg5 Qc4 18. Rac1 Qxc3 19. Rxc3 Rb2 20. Rxc6 h6 21. Bxf6 gxf6 22. Rxc7 a6 23. d5 exd5 24. Bf1 Bxf1 {½-½ (24) Van Wely,L (2667)-Kryvoruchko,Y (2705) Brest 2018}) 14... Rxd4 15. Bc5 {[#]} (15. Rfb1 $11 {remains equal.} Rb6 16. Bc5) 15... Rd8 ({Black should play} 15... Rd5 $1 $17 16. Rab1 (16. Bxd5 cxd5) 16... Ra8) 16. Rab1 $11 {[#]} Rb6 $1 17. Rfd1 (17. Bxb6 cxb6) 17... Nd5 {Strongly threatening ...c3.} 18. Bxb6 $146 ({Predecessor:} 18. Rbc1 Rd7 19. e4 Nf6 20. Bxb6 cxb6 21. Qe5 Rd3 22. Bf1 Rd7 23. Qb2 {½-½ (23) Mesaros,F (2321)-Thilakarathne,G (1900) Khanty-Mansiysk 2016}) 18... cxb6 19. Qd2 Rd7 20. e4 $36 {[%mdl 2048] Black is under pressure.} Nf6 21. Qf4 Rd3 (21... c3 $15 22. Rxd7 Qxd7) 22. Bf1 $14 Qd8 (22... Rxd1 $1 $14 23. Rxd1 h6) 23. Bxd3 $16 cxd3 {[#]} 24. Rb3 $1 {And now Rdxd3! would win.} h6 25. Qe3 c5 (25... Qc7 $16) 26. Rbxd3 $18 Bxd3 27. Qxd3 ({Not} 27. Rxd3 Qc7 $14) 27... Qxd3 28. Rxd3 Nxe4 {[%mdl 4096] Endgame KR-KN} 29. Rd8+ Kh7 30. Rd7 Nc3 (30... c4 $142) 31. Rxa7 ({Don't play} 31. Rxf7 $6 a5 $16) 31... Nxa2 32. Rxf7 Nc3 33. Ra7 Nd5 34. Kf1 Kg6 35. Ke2 c4 36. Kf3 Kf6 37. Ke4 g6 38. Kd4 c3 39. Kd3 h5 (39... g5 {is a better defense.} 40. f3 Kf5) 40. Ra8 Kf7 41. Rc8 Ke7 42. f4 Kf6 43. Ke4 Ke7 44. Kd3 Kf6 45. h3 Kf7 46. Rd8 Kf6 $2 (46... Kg7 {was called for.} 47. Kc2 Kf6) 47. Rd7 g5 (47... c2 $18 48. Kxc2 h4 49. gxh4 Nxf4) 48. fxg5+ {White mates.} Kxg5 {[#]} 49. Rxd5+ $1 {[%mdl 512]} exd5 50. Kxc3 Kf5 51. Kd4 {Precision: White = 83%, Black = 41%.} 1-0

[Event "1st Goa GM Open 2018"]
[Site "Taleigao"]
[Date "2018.10.13"]
[Round "1"]
[White "Ter-Sahakyan, Samvel"]
[Black "Thaga Sheriff M"]
[Result "1-0"]
[WhiteElo "2547"]
[BlackElo "1963"]
[Annotator "TA"]
[PlyCount "56"]
[EventDate "2018.10.13"]
[EventType "swiss"]
[EventCountry "IND"]
[SourceTitle "playchess.com"]
[Source "ChessBase"]
[SourceQuality "1"]

{[%evp 19,56,43,83,55,134,133,124,121,132,130,138,133,116,127,132,141,141,137,131,91,211,198,262,274,218,175,183,183,308,311,304,293,488,488,794,797,777,790,1879]} 1. d4 Nf6 2. Nf3 g6 3. Nbd2 d5 4. e3 Bg7 5. b4 {[%cal Bb2b4,Bb4b5][%mdl 32]} O-O 6. Bb2 Nbd7 7. Be2 Re8 8. c4 c6 9. O-O a5 {A48: 1 d4 Nf6 2 Nf3 g6: Torre, London and Colle Systems} 10. b5 c5 {LiveBook: 3 Games} 11. Rc1 b6 $146 (11... cxd4 $1 $14 12. Bxd4 (12. exd4 dxc4 13. Nxc4 Nb6 $11) (12. Nxd4 e5 $16) 12... e5) ({Predecessor:} 11... cxd4 12. Bxd4 e5 13. Ba1 e4 14. Nd4 dxc4 15. Nxc4 Nb6 16. h3 Nfd5 17. Qd2 Nxc4 18. Rxc4 {½-½ (67) Nanu,C (2507)-Paschall,W (2353) Predeal 2007}) 12. Ne5 $16 Bb7 13. Nc6 Qc7 14. dxc5 $1 bxc5 {[#]} 15. cxd5 $1 Nxd5 16. Bxg7 Kxg7 17. Ne4 {[%cal Bd2e4,Be4c5,Bc5b3,Bb3d4][%mdl 32]} Bxc6 18. Nxc5 (18. bxc6 $6 Qxc6 19. Nxc5 Nxc5 $14) 18... Rac8 19. Nb3 Ne5 (19... Qd6 $16) 20. bxc6 Red8 {[#]} (20... Nb4 $142 21. Rc5 a4) 21. Nd4 $1 $18 Nb4 22. Qa4 Qb6 {[%cal Re5c6]} 23. Qb5 Qc7 (23... Qxb5 $142 24. Bxb5 Ned3) 24. Rc5 Rb8 25. Qa4 ({Stronger than} 25. Rxe5 Rxb5 26. Rxb5 Nxc6 $11) ({Less strong is} 25. Qxa5 Qxa5 26. Rxa5 Nexc6 $16) 25... Qd6 $2 (25... Ned3 26. Bxd3 (26. Rxa5 Rxd4 27. exd4 Qxc6 $18) 26... Nxd3) 26. Qxa5 {Black must now prevent c7.White is clearly winning.} Nbd3 (26... Nexc6 $142 27. Nxc6 Nxc6 28. Qc3+ Nd4 29. exd4 Qxd4 30. Qxd4+ Rxd4) 27. Bxd3 Nxd3 28. Rg5 Qc7 {Precision: White = 64%, Black = 34%.} 1-0

[Event "1st Goa GM Open 2018"]
[Site "Taleigao"]
[Date "2018.10.13"]
[Round "1"]
[White "Deepan Chakkravarthy J."]
[Black "Manish Kumar (2006)"]
[Result "1-0"]
[WhiteElo "2540"]
[BlackElo "1961"]
[Annotator "TA"]
[PlyCount "145"]
[EventDate "2018.10.13"]
[EventType "swiss"]
[EventCountry "IND"]
[SourceTitle "playchess.com"]
[Source "ChessBase"]
[SourceQuality "1"]

{[%evp 9,145,-66,-36,-36,-36,-51,-30,-27,-23,-39,-16,-16,-13,-10,-20,-14,-3,-36,-30,-57,-7,-19,0,-43,-43,-54,-11,-32,-22,-45,-45,-49,0,-45,-37,-37,-27,-25,-28,-31,-14,-32,-21,-30,-31,-34,17,17,23,0,23,0,0,0,8,0,16,0,2,0,0,0,26,0,0,-8,4,0,-3,0,0,0,0,0,0,0,0,0,0,0,0,-12,-12,-14,0,0,14,0,0,0,114,114,105,57,57,57,45,35,35,35,97,97,97,97,97,97,196,207,356,318,376,361,362,318,902,947,799,919,900,877,804,714,648,360,1020,810,1893,1800,29970,29972,29972,29972,29972,29970,29975,29976,5716,6195]} 1. Nf3 Nf6 2. b3 g6 3. Bb2 Bg7 4. g4 h6 5. h4 (5. Rg1 d5 6. h4 c5 7. g5 hxg5 8. hxg5 Nh5 9. Bxg7 Nxg7 10. e3 Nc6 11. Bb5 Qd6 12. d4 cxd4 13. Qxd4 {1-0 (24) Liu,C (2357)-Zhao,S (2183) Sanya City 2017}) 5... d6 $146 ({Predecessor:} 5... d5 6. Nh2 d4 7. g5 hxg5 8. hxg5 Ng4 9. Nxg4 Rxh1 10. e3 Bxg4 11. Qxg4 e5 12. Qg2 {0-1 (37) Seelig,J (1426)-Nattkaemper,U (1065) Leverkusen 2010}) 6. Rg1 {A05: Réti Opening: 1 Nf3 Nf6} e5 7. g5 hxg5 8. hxg5 {Black has an edge.} Ng4 9. e4 Nh2 10. Nxh2 Rxh2 11. Qf3 Nc6 12. Bb5 Bd7 13. Na3 Qe7 14. Nc4 Nb4 15. Bxd7+ Qxd7 16. Ne3 (16. O-O-O {with more complications.} O-O-O 17. Rh1 Rdh8 18. Rxh2 Rxh2 19. Rh1) 16... O-O-O 17. Bc3 Nc6 (17... Na6 {is interesting.} 18. O-O-O Nc5 19. Rg3 c6 20. Kb1 Kb8) 18. O-O-O Rdh8 19. Rg3 Kb8 20. Kb2 R2h3 21. Rdg1 Nd8 22. d3 Rxg3 (22... R3h5 {is more complex.} 23. Kb1 Ne6 24. a4 Qe8 25. Kb2 Rh4) 23. Rxg3 Ne6 24. Bd2 c6 25. a4 Rh5 26. Nf5 Bf8 27. Rg1 Be7 (27... b6 $15) 28. Nxe7 $11 Qxe7 29. Be3 b6 30. Rg3 Kb7 31. Qg4 Kc7 32. Rf3 Nf8 33. Rg3 Ne6 34. Rg1 Qe8 35. Qf3 Qe7 36. Rg3 (36. a5 $5) 36... Rh4 37. Qd1 Rh5 {[%cal Re6g5]} 38. Qd2 c5 39. Rg1 a5 40. Rg3 Rh2 41. Qc3 Kb7 42. Qc4 Nc7 43. Rf3 Rh7 44. Qc3 Qd7 45. Rg3 Rh3 46. Rg1 Qe6 47. Qe1 d5 48. exd5 Qxd5 49. Bd2 Rh4 (49... Ne6 $11 {remains equal.}) 50. Bc3 $16 Ne6 51. Qxe5 (51. Bxe5 {keeps more tension.} Rh3 52. f4 Rf3 53. Kb1 Rh3 54. Qd2) 51... Qxe5 52. Bxe5 {[%mdl 4096] Endgame KRB-KRN} Kc6 53. f4 Nd4 54. Rf1 {Bxd4 is the strong threat.} Rg4 ({Better is} 54... Nf5 $1 $14) 55. Rh1 Nf3 {[#]} 56. Rh7 $1 Nxe5 57. fxe5 {KR-KR} Rf4 {[#]} (57... Rxg5 $16 58. Rxf7 Rf5) 58. e6 $1 $18 {[%cal Re6f7]} fxe6 (58... f5 $142 59. Ra7 Rf2) 59. Rg7 Rg4 60. Rxg6 Kc7 61. Rg8 ({Less strong is} 61. Rxe6 Rxg5 62. Kc3 Rg4 $16) 61... Kb7 $2 (61... Rd4 62. g6 Rd7) 62. g6 Rg2 63. Kc1 Rg1+ 64. Kd2 Rg2+ 65. Kd1 Ka7 66. Rg7+ Ka6 $2 (66... Kb8 67. Rg8+ Kc7) 67. c4 Rb2 68. Re7 Rxb3 69. Ke2 Rb2+ 70. Ke3 Rg2 71. g7 e5 72. Ke4 Rg5 73. Rd7 {Precision: White = 64%, Black = 36%.} 1-0

[Event "1st Goa GM Open 2018"]
[Site "Taleigao"]
[Date "2018.10.13"]
[Round "1"]
[White "Stany, G.A."]
[Black "Prajesh R"]
[Result "1-0"]
[WhiteElo "2502"]
[BlackElo "1953"]
[Annotator "TA"]
[PlyCount "59"]
[EventDate "2018.10.13"]
[EventType "swiss"]
[EventCountry "IND"]
[SourceTitle "playchess.com"]
[Source "ChessBase"]
[SourceQuality "1"]

{[%evp 20,59,-5,-14,33,25,87,62,150,108,178,185,241,247,244,233,221,165,179,165,235,216,231,251,370,354,495,515,681,692,688,687,666,648,973,875,1298,1352,1177,1168,1158,1147]} 1. e4 e6 2. d4 d5 3. e5 c5 4. c3 Nc6 5. Nf3 Qb6 6. a3 Nh6 7. b4 cxd4 8. cxd4 Nf5 9. Be3 f6 10. exf6 {C02: French: Advance Variation} gxf6 11. Nc3 {LiveBook: 40 Games} Rg8 (11... Nxe3 12. fxe3 Bh6 13. e4 dxe4 14. Nxe4 O-O 15. Bc4 Kh8 16. Qd3 f5 17. Nc5 Bg7 {1-0 (58) Savchenko,B (2599)-Vitiugov,N (2738) Wroclaw 2014}) 12. Rc1 {White is slightly better.} h5 $146 (12... Nxe3 $11 13. fxe3 a5) ({Predecessor:} 12... a5 13. b5 Nxe3 14. fxe3 Ne7 15. Nh4 Ng6 16. Nxg6 Rxg6 17. a4 Bb4 {0-1 (42) Torre,E (2519)-Kadhi,H (2334) Doha 2003}) 13. Qd2 Nd6 (13... a5 $14 14. b5 Nxe3 15. fxe3 (15. Qxe3 Ne7 $11) 15... Nd8) 14. g3 Qd8 (14... Ne7 $16 {was worth a try.}) 15. Be2 $18 Nc4 (15... Kf7 $142 16. Nh4 Rg7 17. Bxh5+ Kg8) 16. Bxc4 $1 dxc4 17. Qe2 a5 18. Nh4 {Hoping for b5.} ({Not} 18. Qxc4 axb4 19. axb4 Bxb4 $14) 18... axb4 19. Qxh5+ Ke7 (19... Kd7 $142) 20. axb4 {Threatens to win with d5.} Nxb4 {[#]} 21. O-O $1 {Black must now prevent d5!} Ra5 (21... Qe8 $142 22. Qc5+ Kf7 23. Qxc4 Bd7) 22. Ng6+ Kd7 {[#]} 23. d5 $1 {[%mdl 512] Strongly threatening Bb6!White is clearly winning.} exd5 {[#]} (23... Nxd5 24. Bb6) 24. Bb6 $1 {[%mdl 512]} Qxb6 25. Qh7+ Kc6 {...Rxg6! is the strong threat.} 26. Qxg8 Bh3 27. Nxf8 Bxf1 28. Qe6+ Kc7 29. Qf7+ Kc8 30. Re1 {Precision: White = 84%, Black = 17%.} 1-0

[Event "1st Goa GM Open 2018"]
[Site "Taleigao"]
[Date "2018.10.13"]
[Round "1"]
[White "Neverov, Valeriy"]
[Black "Pradeep Tiwari"]
[Result "1-0"]
[WhiteElo "2488"]
[BlackElo "1947"]
[Annotator "TA"]
[PlyCount "55"]
[EventDate "2018.10.13"]
[EventType "swiss"]
[EventCountry "IND"]
[SourceTitle "playchess.com"]
[Source "ChessBase"]
[SourceQuality "1"]

{[%evp 13,55,4,8,0,10,10,6,10,33,32,22,26,13,25,41,33,51,43,53,56,58,58,64,44,58,54,80,74,70,74,106,108,114,117,197,196,730,731,1115,1091,1490,1468,29993,29994]} 1. d4 d5 2. Nf3 Nf6 3. Bf4 e6 4. e3 Be7 5. h3 O-O 6. Nbd2 {D02: Damenbauernspiele} b6 7. c3 c5 {LiveBook: 19 Partien} 8. a4 {Die Stellung ist ausgeglichen.} Ba6 (8... Nc6 9. Bd3 Bb7 10. O-O Bd6 11. Bg5 h6 12. Bh4 {½-½ (40) Kamsky,G (2676)-Vitiugov,N (2731) Sochi 2017}) 9. Bxa6 Nxa6 10. O-O Bd6 $146 ({Vorgänger:} 10... Rc8 11. Qe2 Nc7 12. Ne5 {0-1 (67) Pakleza,Z (2463)-Alonso Rosell,A (2285) Barbera del Valles 2007}) 11. Bg5 h6 12. Bh4 cxd4 13. exd4 Bf4 14. Re1 Nb8 15. Ne5 g5 16. Bg3 Bxg3 17. fxg3 Nbd7 18. Re3 Kg7 19. Qe2 Qc7 20. Rf1 Rae8 21. h4 Nxe5 22. dxe5 Nh7 23. Nf3 Rc8 (23... Qc4 $16) 24. Nd4 Qc4 $2 (24... Rce8 25. Qg4 Qd7 26. hxg5 Nxg5) 25. Qh5 $18 Rce8 26. Ref3 {[%cal Rf3f7,Be3f3,Bf3f6,Bf6h6][%mdl 32]} Qc7 {[#]} 27. Rf6 $1 {[%mdl 512]} Re7 (27... Nxf6 28. exf6+) 28. Rxh6 {Precision: Weiß = 80%, Schwarz = 24%.} 1-0

[Event "1st Goa GM Open 2018"]
[Site "Taleigao"]
[Date "2018.10.13"]
[Round "1"]
[White "Rahman, Ziaur"]
[Black "Harshad S"]
[Result "1-0"]
[WhiteElo "2473"]
[BlackElo "1946"]
[Annotator "TA"]
[PlyCount "69"]
[EventDate "2018.10.13"]
[EventType "swiss"]
[EventCountry "IND"]
[SourceTitle "playchess.com"]
[Source "ChessBase"]
[SourceQuality "1"]

{[%evp 18,69,23,23,4,4,47,39,41,33,116,86,118,103,108,96,72,86,156,129,164,162,151,133,146,161,162,158,155,156,162,167,231,157,227,225,325,343,395,387,404,400,438,435,615,644,688,538,835,835,760,755,862,866]} 1. Nf3 Nf6 2. g3 g6 3. b3 Bg7 4. Bb2 d5 5. c4 c6 6. Bg2 O-O 7. O-O b6 8. d3 Bb7 9. Nbd2 c5 {A11: English Opening: 1...c6} 10. cxd5 {LiveBook: 6 Games} Bxd5 (10... Nxd5 11. Bxg7 Kxg7 12. Qc2 Nc6 13. Qb2+ f6 14. a3 e5 15. e3 Qe7 16. Rfe1 Qf7 17. Ne4 {½-½ (54) Pantsulaia,L (2612)-Inarkiev,E (2689) Riadh 2017}) 11. Nc4 Nbd7 {The position is equal.} 12. e4 {[%cal Be2e4,Be4e5][%mdl 32]} Bxc4 $146 ({Predecessor:} 12... Bb7 13. e5 Ne8 14. d4 cxd4 15. Qxd4 Nc5 16. Qh4 Qd5 17. Qxe7 {1-0 (67) Pinto,R (2196)-Mendes,R (1929) Sao Paulo 2015}) 13. bxc4 Ne8 {[#]} ({Better is} 13... Qc7 $14) 14. e5 $1 $16 Rc8 15. Qa4 Nb8 16. Qxa7 Qxd3 17. Rac1 Qe2 (17... Bh6 $142) 18. Qa3 Rd8 19. Rfe1 Qd3 20. Qa7 Qd7 21. Qxb6 Qc7 22. Qb5 $36 {[%mdl 2048] White has strong initiative.} Qa7 23. Bc3 Nc7 24. Qa5 Nca6 (24... Qxa5 $142 25. Bxa5 Nba6) 25. Rb1 {Hoping for Ng5.} Rd3 (25... Nc6 $16 26. Qa4 Nab4 27. Qxa7 Nxa7 28. Bxb4 cxb4 29. Rxb4 Nc6) 26. Ng5 $18 {[#] Black must now prevent Rb7.} Qd7 (26... Qc7 {keeps fighting.} 27. Qxc7 Nxc7) 27. Be4 h6 28. Nf3 Rxc3 29. Qxc3 Nb4 30. Qe3 {White is clearly winning.} Nxa2 (30... Rc8 $142 31. a3 N4c6 32. Qxc5 Nd8) 31. Rb7 Qc8 32. Ra1 Nb4 33. Ra8 N4a6 34. Kg2 e6 35. Raa7 {Precision: White = 78%, Black = 25%.} 1-0

[Event "1st Goa GM Open 2018"]
[Site "Taleigao"]
[Date "2018.10.13"]
[Round "1"]
[White "Kasparov, Sergey"]
[Black "Vigneshwaran, S."]
[Result "1-0"]
[WhiteElo "2453"]
[BlackElo "1937"]
[Annotator "TA"]
[PlyCount "118"]
[EventDate "2018.10.13"]
[EventType "swiss"]
[EventCountry "IND"]
[SourceTitle "playchess.com"]
[Source "ChessBase"]
[SourceQuality "1"]

{[%evp 10,118,34,27,47,34,39,38,42,44,57,23,36,29,34,35,49,42,58,54,52,53,53,54,54,44,58,45,66,43,49,46,49,45,45,37,54,33,33,40,44,42,47,45,50,37,44,20,50,33,54,51,66,47,70,29,32,31,60,46,84,43,52,45,60,65,69,70,56,58,85,41,62,60,62,66,64,60,102,95,86,14,47,50,64,14,148,16,29,19,80,80,94,92,89,100,323,313,272,237,29979,891,840,586,586,585,585,583,562,496,714]} 1. e4 d6 2. d4 g6 3. Nc3 Bg7 4. Nge2 a6 5. g3 (5. a4 Nc6 6. Be3 Nf6 7. h3 O-O 8. g3 e5 9. Bg2 exd4 10. Nxd4 Bd7 11. O-O Re8 12. Re1 Nb4 13. Qd2 c5 14. Nb3 Bc6 15. Bf4 Nd7 16. Bxd6 Ne5 17. Bxe5 Qxd2 18. Nxd2 Bxe5 19. Rec1 b5 20. axb5 axb5 21. Rxa8 Rxa8 {½-½ (33) Stevic,H (2624)-Svidler,P (2741) Novi Sad 2009}) 5... Nd7 6. Bg2 {LiveBook: 3 Games. B06: Modern Defence} c5 7. dxc5 Nxc5 8. Be3 {White is slightly better.} Bd7 9. O-O $146 ({Predecessor:} 9. Bd4 e5 10. Bxc5 dxc5 11. Qd6 Rc8 {1-0 (28) Jansa,V (2495)-Nikolic,S Smederevska Palanka 1980}) 9... Rc8 10. Bd4 Nf6 11. Nd5 e5 12. Nxf6+ Qxf6 13. Be3 $1 O-O 14. Nc3 Bc6 15. Nd5 Bxd5 16. Qxd5 Qe6 17. Qd2 Rc6 18. Rfd1 Rfc8 19. c3 Na4 20. Qe2 b5 21. Rd3 Bf8 22. h4 Qc4 {Strongly threatening ...Nxb2!} 23. Rd2 Qxe2 24. Rxe2 Nb6 25. Rd1 Nc4 26. Bc1 Nb6 27. Bd2 Na4 28. Bg5 Kg7 29. Rd3 f6 30. Be3 Kf7 31. Rd1 Be7 32. Rf1 Rb8 33. Rd2 Rbc8 34. Bf3 Bd8 35. Bd1 Bb6 36. Bb3+ Ke7 37. Bh6 Nc5 38. Bd5 R6c7 39. Kg2 Nd7 40. Rfd1 Bc5 41. b4 Ba7 42. Bb3 Rc6 $1 43. Rd3 Bb8 44. Bd2 Nb6 {[#]} 45. Ra1 (45. h5 $1 $16) 45... Nc4 46. Be1 Na3 47. Rad1 f5 (47... Nc4 $11 {remains equal.}) 48. f3 (48. exf5 $16 Nc4 49. fxg6) 48... Nc4 $11 49. Ra1 Na3 (49... Nb2 $11 50. Rd2 Nc4) 50. Bd2 $16 Nc4 51. Bg5+ Ke8 52. h5 Nb6 $2 (52... R6c7 $16) 53. hxg6 hxg6 54. Rh1 $40 {[%mdl 128] Threatens to win with Rh8+. White goes for the king.} Rxc3 $2 (54... Nc4 $18 55. Rh6 Kf7) 55. Rxc3 (55. Rh8+ $142 Kd7 56. Rh7+ Ke8 {[#]} 57. Be6 $1 {[%mdl 512]} Nd7 58. Bxd7+ Kf8 59. Rh8+ Kf7 60. Rxc8 Rxd3 61. exf5 gxf5 62. Bxf5) 55... Rxc3 $18 {White is clearly winning.} 56. Rh8+ Kd7 57. Rxb8 Nc4 58. Rg8 fxe4 59. fxe4 a5 {Precision: White = 60%, Black = 40%.} (59... Rd3 $142 60. Rxg6 Kc6) 1-0